Structural shifts in Ukraine’s foreign trade and investment and implications for EU-Ukraine relations (Record no. 9156)

MARC details
000 -LEADER
fixed length control field 03010nam a22004577u 4500
001 - CONTROL NUMBER
control field pwiiw7522
003 - CONTROL NUMBER IDENTIFIER
control field OSt
005 - DATE AND TIME OF LATEST TRANSACTION
control field 20260516120039.0
008 - FIXED-LENGTH DATA ELEMENTS--GENERAL INFORMATION
fixed length control field 260219t2026 au ||||| |||| 00| ||eng d
040 ## - CATALOGING SOURCE
Transcribing agency OSt
041 ## - LANGUAGE CODE
Language code of text/sound track or separate title eng
084 ## - OTHER CLASSIFICATION NUMBER
Classification number F10
-- F21
-- F50
-- F52
-- F55
-- O50
-- Q17
-- Q34
Number source jelc
100 1# - MAIN ENTRY--PERSONAL NAME
Personal name Pindyuk, Olga
245 10 - TITLE STATEMENT
Title Structural shifts in Ukraine’s foreign trade and investment and implications for EU-Ukraine relations
260 ## - PUBLICATION, DISTRIBUTION, ETC.
Place of publication, distribution, etc. Wien :
Name of publisher, distributor, etc. Wiener Institut für Internationale Wirtschaftsvergleiche (wiiw),
Date of publication, distribution, etc. 2026.
300 ## - PHYSICAL DESCRIPTION
Extent 30 S.,
Other physical details 13 Figures,
Dimensions 30cm.
490 1# - SERIES STATEMENT
Series statement wiiw Policy Notes and Reports
Volume/sequential designation 103
520 ## - SUMMARY, ETC.
Summary, etc. Russia’s full-scale invasion of Ukraine in February 2022 has triggered profound structural changes in the country’s economy, reshaping patterns of foreign trade, foreign direct investment and sectoral specialisation. This paper analyses the shifts in Ukraine’s trade and investment structures over the past three years and assesses their implications for Ukraine’s future competitiveness and for EU-Ukraine economic relations, with particular attention to the EU’s strategic autonomy in an increasingly fragmented global economy. The analysis shows a rapid reorientation of Ukraine’s merchandise exports towards the EU, driven by emergency trade liberalisation and alternative logistics routes, alongside a marked decline in exports to China. At the same time, Ukraine’s dependence on Chinese imports has intensified, especially for machinery and high-tech inputs critical to defence production, creating new security vulnerabilities. Agriculture has emerged as the most resilient export sector, while metallurgy and manufacturing have suffered lasting losses. Ukraine’s FDI inflows remain notably weak compared with regional peers, with limited progress in attracting investment into high-value and strategic sectors. The paper further examines Ukraine’s role in critical raw materials, renewable energy, agriculture and drone production, highlighting missed opportunities and emerging risks for the EU. It concludes that without faster, more co-ordinated EU engagement – particularly in critical minerals, green energy, defence-industrial integration and investment de-risking – the EU risks losing strategic influence in Ukraine and undermining its own long-term economic and security objectives.<br/>
650 ## - SUBJECT ADDED ENTRY--TOPICAL TERM
Topical term or geographic name entry element Ukraine
650 ## - SUBJECT ADDED ENTRY--TOPICAL TERM
Topical term or geographic name entry element the EU
650 ## - SUBJECT ADDED ENTRY--TOPICAL TERM
Topical term or geographic name entry element China
650 ## - SUBJECT ADDED ENTRY--TOPICAL TERM
Topical term or geographic name entry element the US
650 ## - SUBJECT ADDED ENTRY--TOPICAL TERM
Topical term or geographic name entry element foreign trade
650 ## - SUBJECT ADDED ENTRY--TOPICAL TERM
Topical term or geographic name entry element FDI
650 ## - SUBJECT ADDED ENTRY--TOPICAL TERM
Topical term or geographic name entry element renewable energy
650 ## - SUBJECT ADDED ENTRY--TOPICAL TERM
Topical term or geographic name entry element critical minerals
650 ## - SUBJECT ADDED ENTRY--TOPICAL TERM
Topical term or geographic name entry element agriculture
650 ## - SUBJECT ADDED ENTRY--TOPICAL TERM
Topical term or geographic name entry element competitiveness
650 ## - SUBJECT ADDED ENTRY--TOPICAL TERM
Topical term or geographic name entry element security
650 ## - SUBJECT ADDED ENTRY--TOPICAL TERM
Topical term or geographic name entry element DCFTA
650 ## - SUBJECT ADDED ENTRY--TOPICAL TERM
Topical term or geographic name entry element CAP
651 ## - SUBJECT ADDED ENTRY--GEOGRAPHIC NAME
Geographic name Ukraine
651 ## - SUBJECT ADDED ENTRY--GEOGRAPHIC NAME
Geographic name China
651 ## - SUBJECT ADDED ENTRY--GEOGRAPHIC NAME
Geographic name European Union
651 ## - SUBJECT ADDED ENTRY--GEOGRAPHIC NAME
Geographic name US
690 ## - LOCAL SUBJECT ADDED ENTRY--TOPICAL TERM (OCLC, RLIN)
Topical term or geographic name as entry element International Trade, Competitiveness and FDI
690 ## - LOCAL SUBJECT ADDED ENTRY--TOPICAL TERM (OCLC, RLIN)
Topical term or geographic name as entry element Sectoral studies
830 #0 - SERIES ADDED ENTRY--UNIFORM TITLE
Volume/sequential designation 103
Bibliographic record control number WIIW0000092
Title of a work wiiw Policy Notes and Reports
856 40 - ELECTRONIC LOCATION AND ACCESS
Uniform Resource Identifier <a href="https://wiiw.ac.at/p-7522.html">https://wiiw.ac.at/p-7522.html</a>
942 ## - ADDED ENTRY ELEMENTS (KOHA)
Koha item type Paper
Holdings
Withdrawn status Lost status Damaged status Not for loan Home library Current library Shelving location Date acquired Inventory number Total Checkouts Full call number Barcode Date last seen Price effective from Koha item type
        WIIW WIIW Library 02/19/2026 pwiiw7522   103 1000010007522 02/19/2026 02/19/2026 Paper
The Vienna Instiute for International Economic Studies (wiiw)